Visualizzazione normale
Vista MARC
- RELIGIOSO [ELABORATI STUDENTI SPICS]
di Topical Term
Records bibliografici associati: 1
001 - CONTROL NUMBER
- control field: 10612
003 - CONTROL NUMBER IDENTIFIER
- control field: IT-RoPau
005 - DATE AND TIME OF LATEST TRANSACTION
- control field: 20140124122543.0
008 - FIXED-LENGTH DATA ELEMENTS
- fixed length control field: 140124|| aca||aabn | a|a d
040 ## - CATALOGING SOURCE
- Original cataloging agency: IT-RoPau
- Transcribing agency: IT-RoPau
150 ## - HEADING--TOPICAL TERM
- Topical term or geographic name entry element: RELIGIOSO [ELABORATI STUDENTI SPICS]
- : Codice MATERIA SPICS: 9905
670 ## - SOURCE DATA FOUND
- Source citation: Work cat.: (IT-RoPau)99503: AA.VV. 794, Cristiani oggi in un mondo di comunicazione